Statystyki dla Państwa, które pokonały Irlandię

Kliknij tutaj aby rozwiązać quiz!

Ogólne statystyki

  • Ten quiz został rozwiązany 36 razy
  • Średni wynik to 9 z 17

Statystyki odpowiedzi

RanfaKategoriaPaństwo% Poprawnych
10Państwo europejskie z wyższym
odsetkiem katolików
Watykan | San Marino | Malta | Andora |
Chorwacja | Polska | Portugalia | Włochy | Monako
100%
3Częściej zgadywane państwo
wyspiarskie w quizie państwa świata
* Australia nie jest liczona jako wyspa
Wielka Brytania | Japonia
94%
2Bardziej wysunięty na zachód kraj w Europie
* Nie uwzględniając terytoriów zamorskich, takich jak Gibraltar
Islandia
85%
4Większe źródło odwiedzających
w Wielkiej Brytanii
Francja | Stany Zjednoczone | Niemcy
82%
5Państwo z większą liczbą mieszkańców Irlandii[1]Stany Zjednoczone | Wielka Brytania | Kanada | Australia
70%
7 (t)Wcześniejszy członek UEBelgia | Francja | Niemcy | Włochy | Luksemburg | Holandia
67%
6Państwo z wyższym wskaźnikiem HDI
* HDI mierzy stan zdrowia, wykształcenie i dochody
San Marino | Monako | Norwegia | Szwajcaria | Australia
58%
4Większe państwo europejskie bez wilkówWielka Brytania | Islandia | Austria
52%
2Mniejsze państwo według powierzchni zaczynający się od IIzrael
48%
3Większe państwo bez wężyNowa Zelandia | Islandia
42%
2Większa produkcja piwa na mieszkańcaCzechy
33%
2Większe źródło urodzonych za
granicą obywateli USA w 1880 roku
Niemcy
30%
7Państwo z wyższą światową poprawą rankingu HDI w latach 1990-2017Iran | Chiny | Singapur | Turcja | Tajlandia | Algieria
27%
2Niższa w historii rekordowo zarejestrowana temperaturaIslandia
21%
5Wyższy stosunek krowy do osobyUrugwaj | Paragwaj | Nowa Zelandia | Czad
21%
3 (t)Flaga państwa, która jest bardziej pomarańczowaBhutan | Niger
18%
9Państwo dzielące swoją nazwę z większą
liczbą dzieci urodzonych w USA w 2016 roku
Jordania | Izrael | Gruzja | Malezja | Egipt | Kenia | Czad | Indie
18%

Rozkład punktacji

Percentyl według liczby udzielonych odpowiedzi

Procent ludzi z każdym wynikiem

Twoja historia wyników

Nie rozwiązałeś tego quizu